| 000 | 00536nam a2200205Ia 4500 | ||
|---|---|---|---|
| 008 | 230125s9999 xx 000 0 und d | ||
| 020 | _a978-81-291-1503-0 | ||
| 041 | _aeng | ||
| 082 |
_a823 _bBHA |
||
| 100 |
_aBhagat C _9109656 |
||
| 245 |
_aTwo States _bThe Story of my Marriage |
||
| 250 | _aEd.1 | ||
| 260 |
_c2009 _bRupa & Co. Publisher _aNew Delhi |
||
| 300 | _a269p | ||
| 500 | _aEnglish Literature;Literature | ||
| 650 | _aEnglish Literature | ||
| 700 |
_aBhagat C _9109656 |
||
| 906 | _b28 | ||
| 999 |
_c90992 _d90992 |
||